[Event "Challenge"]
[Site "http://www.queenalice.com/game.php?id=793001"]
[Date "2010.6.21"]
[Round "-"]
[White "pj"]
[Black "mario18"]
[Result "0-1"]
[WhiteElo "1385"]
[BlackElo "1583"]

1. e4 e5 2. Bc4 d6 3. Qf3 Nf6 4. d3 Bg4 5. Qg3 Be7 6. f3 Bh5 7. Qxg7 Rg8 8. Qh6
Nc6 9. Bg5 Rg6 10. Qxg6 Bxg6 11. Nh3 Nd4 12. Na3 d5 13. exd5 Bxa3 14. bxa3 Nxc2+
15. Kd2 Nxa1 16. Rxa1 Qd6 17. Rb1 b6 18. Re1 Kf8 19. Bh6+ Kg8 20. Ng5 Re8 21.
Bb5 Re7 22. Bc4 Qxa3 23. Ne4 b5 24. Nxf6+ Kh8 25. Bb3 Qb2+ 0-1

[Event "Challenge"]
[Site "http://www.queenalice.com/game.php?id=800289"]
[Date "2010.7.8"]
[Round "-"]
[White "mario18"]
[Black "Capixaba789"]
[Result "1/2-1/2"]
[WhiteElo "1519"]
[BlackElo "1851"]

1. e4 e5 2. Nf3 Nc6 3. Bb5 Nf6 4. Nc3 a6 5. Bxc6 dxc6 6. a3 Bg4 7. d3 Bc5 8. O-O
Qe7 9. Be3 O-O-O 10. b4 Bd4 11. Bxd4 exd4 12. Na4 h5 13. h3 Rh7 14. h4 Ne8 15.
g3 Nd6 16. Kg2 Nb5 17. Qd2 Qd7 18. Rh1 g6 19. Ne5 Qe6 20. f4 Rg7 21. Nc5 Qd6 22.
a4 Nc3 23. a5 Be6 24. Qf2 f6 25. Nf3 Bg4 26. Nd2 Re8 27. Nc4 Qd8 28. Na3 Rge7
29. Nb1 Nd1 30. Qd2 Ne3+ 31. Kf2 Be6 32. Qe1 Nxc2 33. Qd1 Nxa1 34. Na3 Nb3 35.
Nxe6 Rxe6 36. Qxb3 Qd6 37. Nc2 f5 38. e5 Qd7 39. Rc1 Rd8 40. Ke2 Qd5 41. Qxd5
Rxd5 42. Na3 Kd7 1/2-1/2

[Event "Philomais X Mario 18"]
[Site "http://www.queenalice.com/game.php?id=806099"]
[Date "2010.7.20"]
[Round "-"]
[White "Philomais"]
[Black "mario18"]
[Result "1-0"]
[WhiteElo "1525"]
[BlackElo "1598"]

1. e4 e5 2. f3 Nf6 3. c3 Be7 4. d4 d6 5. Ne2 Nc6 6. Nd2 O-O 7. Nc4 a6 8. Ng3 b5
9. Ne3 Re8 10. Ngf5 exd4 11. Nxe7+ Qxe7 12. cxd4 1-0

[Event "Mario 18 X Philomais"]
[Site "http://www.queenalice.com/game.php?id=806100"]
[Date "2010.7.20"]
[Round "-"]
[White "mario18"]
[Black "Philomais"]
[Result "0-1"]
[WhiteElo "1577"]
[BlackElo "1544"]

1. e4 e5 2. Nf3 f6 3. d4 exd4 4. Nxd4 c5 5. Nf3 b6 6. Nc3 Nc6 7. Bc4 Nd4 8. Nxd4
cxd4 9. Nd5 Bb7 10. O-O a6 11. Qxd4 b5 0-1

[Event "OS INCLIVEIS"]
[Site "http://www.queenalice.com/game.php?id=806931"]
[Date "2010.7.22"]
[Round "-"]
[White "adelio"]
[Black "mario18"]
[Result "0-1"]
[WhiteElo "1635"]
[BlackElo "1489"]

1. b4 e5 2. b5 d5 3. e3 Nf6 4. Nc3 Be7 5. Bb2 Bg4 6. Be2 Bxe2 7. Qxe2 O-O 8. Nf3
Nbd7 9. O-O c6 10. d4 e4 11. Ng5 Ne8 12. f4 Bxg5 13. fxg5 Qxg5 14. Nd1 Nef6 15.
h3 Nh5 16. Qg4 Qxg4 17. hxg4 Nhf6 18. Nf2 h6 19. Ba3 Rfe8 20. g3 Kh7 21. Kg2 Rh8
22. Rh1 Kg6 23. Nh3 Nxg4 24. Nf4+ Kf6 25. Rae1 g6 26. Rhf1 Kg7 27. Re2 h5 28.
Be7 Rae8 29. Bd6 h4 30. Nh3 f6 31. Rf4 f5 32. Re1 cxb5 33. gxh4 Re6 34. Bb4 Rxh4
35. Ng5 Re8 36. Kg3 Reh8 37. Be7 R4h5 38. Rxg4 fxg4 39. Rf1 Kh6 40. Nf7+ Kh7 41.
Nxh8 Kxh8 42. Kxg4 Rh7 43. Bh4 Kg8 44. Kg5 Rf7 45. Rf2 Rxf2 46. Bxf2 Kf7 47. c3
a6 48. Bg3 Nb6 49. Bf4 Na4 50. Bd6 Nxc3 51. a3 a5 52. Bc7 a4 53. Bd6 Nd1 54. Kf4
Kg7 55. Be5+ Kh6 56. Bf6 Kh5 57. Be7 Nf2 58. Ke5 g5 59. Kxd5 g4 60. Bb4 g3 61.
Be1 Kg4 62. Ke5 Nd3+ 63. Kxe4 Nxe1 64. d5 g2 65. d6 g1=Q 66. d7 Qh1+ 67. Ke5
Qh8+ 68. Kd6 Qd8 69. e4 Nd3 70. e5 Nxe5 71. Kxe5 Qxd7 72. Ke4 Qe7+ 73. Kd3 Qxa3+
74. Kc2 Qb3+ 75. Kd2 Kf3 76. Ke1 Qc2 77. Kf1 Qf2# 0-1

[Event "CHEQUE! II"]
[Site "http://www.queenalice.com/game.php?id=806974"]
[Date "2010.7.22"]
[Round "-"]
[White "perucona"]
[Black "mario18"]
[Result "1-0"]
[WhiteElo "1593"]
[BlackElo "1546"]

1. e4 e5 2. d4 exd4 3. Qxd4 Nc6 4. Qd5 Nf6 5. Qd3 Be7 6. Nc3 O-O 7. Bg5 Nb4 8.
Qe2 d6 9. Bxf6 Bxf6 10. O-O-O Bxc3 11. bxc3 Nxa2+ 12. Kb1 Nxc3+ 13. Kb2 Nxe2 14.
Nxe2 Qf6+ 15. Kc1 Re8 16. Ng3 1-0

[Event "PREPARANDO PARA DAR UM CHEQUE MA"]
[Site "http://www.queenalice.com/game.php?id=807027"]
[Date "2010.7.23"]
[Round "-"]
[White "rogeriooliveira"]
[Black "mario18"]
[Result "1-0"]
[WhiteElo "1666"]
[BlackElo "1532"]

1. e4 e5 2. d4 exd4 3. Qxd4 Nc6 4. Qd5 Nf6 5. Qd3 Be7 6. Nc3 Nb4 7. Qe2 O-O 8.
a3 Nc6 9. Nf3 Re8 10. Bg5 h6 11. Bxf6 Bxf6 12. Nd2 d5 13. exd5 Rxe2+ 14. Bxe2
1-0

[Event "Challenge"]
[Site "http://www.queenalice.com/game.php?id=808198"]
[Date "2010.7.25"]
[Round "-"]
[White "mario18"]
[Black "Nenita"]
[Result "1-0"]
[WhiteElo "1575"]
[BlackElo "1015"]

1. e4 e5 2. Nf3 Qf6 3. d4 Nc6 4. Bg5 Qg6 5. Bd3 exd4 6. e5 Qe6 7. O-O h6 8. Bh4
Nxe5 9. Nxe5 d6 10. Nc6 bxc6 11. Re1 Qxe1+ 12. Qxe1+ Be7 13. Qe4 Nf6 14. Bxf6
gxf6 15. Nd2 Rg8 16. Re1 Be6 17. Qxc6+ Kd8 18. Qxa8+ Bc8 19. Ba6 Kd7 20. Bb5+
Kd8 21. Ba6 Kd7 22. Bxc8+ Ke8 23. Ne4 Kf8 24. Qxa7 Bd8 25. Qxd4 1-0

[Event "Challenge"]
[Site "http://www.queenalice.com/game.php?id=808199"]
[Date "2010.7.25"]
[Round "-"]
[White "Nenita"]
[Black "mario18"]
[Result "0-1"]
[WhiteElo "1015"]
[BlackElo "1575"]

1. e4 e5 2. Bc4 Nf6 3. Qf3 Be7 4. d3 Nc6 5. Bg5 Nd4 6. Qd1 O-O 7. c3 Nc6 8. Qg4
Nxg4 9. Nh3 Bxg5 10. f3 Ne3 11. Bb3 Qf6 12. Nd2 Nxg2+ 13. Kd1 Bxd2 14. Kxd2 Qh6+
15. Kc2 Qxh3 16. Bc4 Qxf3 17. Rhg1 Na5 18. Bd5 Qf2+ 19. Kd1 Qxg1+ 20. Kd2 Qxa1
21. Kc2 d6 22. h3 c6 23. Bb3 Nxb3 24. Kxb3 Be6+ 0-1

[Event "Challenge"]
[Site "http://www.queenalice.com/game.php?id=818107"]
[Date "2010.8.14"]
[Round "-"]
[White "Camy"]
[Black "mario18"]
[Result "0-1"]
[WhiteElo "1489"]
[BlackElo "1575"]

1. e4 e5 2. Nf3 Nc6 3. Bc4 d6 4. d3 Be7 5. O-O Nf6 6. Ng5 O-O 7. Be3 h6 8. Nf3
Bg4 9. h3 Bh5 10. Nc3 a6 11. Nd5 b5 12. Bb3 a5 13. Qd2 Kh7 14. d4 Nxe4 15. Qe2
f5 16. Nh4 Bxh4 17. Qe1 f4 18. Bd2 Nxd2 19. Qxd2 a4 20. Qd3+ Bg6 21. Qd2 axb3
22. cxb3 Nxd4 23. Rac1 Rxa2 24. Ra1 Nxb3 25. Qc3 Nxa1 26. Nb4 Ra8 27. Nc2 Nxc2
28. Qxc2 c5 29. Qd2 e4 30. g3 fxg3 31. fxg3 Rxf1+ 32. Kxf1 Bxg3 33. Qe2 Qf6+ 34.
Kg2 Qg5 35. Kf1 Ra1+ 36. Kg2 Bh4+ 37. Kh2 Qe5+ 38. Kg2 Qg3# 0-1

[Event "Challenge"]
[Site "http://www.queenalice.com/game.php?id=818114"]
[Date "2010.8.14"]
[Round "-"]
[White "mario18"]
[Black "Camy"]
[Result "1-0"]
[WhiteElo "1544"]
[BlackElo "1489"]

1. e4 e5 2. Nf3 Nf6 3. Nxe5 Qe7 4. d4 Nxe4 5. Bd3 d6 6. O-O Nc6 7. Nxc6 bxc6 8.
Re1 d5 9. f3 Nf6 10. Rxe7+ Bxe7 11. Bg5 O-O 12. Nc3 Rb8 13. b3 Be6 14. Qd2 h6
15. Bh4 g5 16. Bg3 Bd6 17. Bxd6 cxd6 18. Re1 Rfe8 19. g4 c5 20. dxc5 dxc5 21.
Re2 d4 22. Nb5 a6 23. Nd6 Red8 24. Ne4 a5 25. Nxf6+ Kf8 26. h3 Bd5 27. Be4 Bxe4
28. Rxe4 Kg7 29. Nh5+ Kg8 30. h4 Re8 31. Nf6+ Kf8 32. Rxe8+ Rxe8 33. Nxe8 Kxe8
34. Qxa5 gxh4 35. Qxc5 f6 36. a4 h3 37. a5 Kd8 38. a6 Ke8 39. a7 Kf7 40. a8=Q f5
41. Qb7+ Kg6 42. Qxf5# 1-0

[Event "Challenge"]
[Site "http://www.queenalice.com/game.php?id=819378"]
[Date "2010.8.17"]
[Round "-"]
[White "mario18"]
[Black "Capixaba789"]
[Result "1-0"]
[WhiteElo "1594"]
[BlackElo "1804"]

1. e4 e5 2. Nf3 d5 3. Bd3 dxe4 4. Bxe4 Nf6 5. Nc3 Nxe4 6. Nxe4 Nc6 7. d3 f6 8.
O-O Be6 9. a3 Be7 10. Nc5 Bf7 11. Na4 Qd7 12. Nc3 O-O-O 13. Be3 g5 14. b4 Kb8
15. b5 Nd4 16. a4 h5 17. Ne4 Nxf3+ 18. Qxf3 g4 19. Qe2 f5 20. Nc5 Bxc5 21. Bxc5
f4 22. Qxe5 f3 23. Be7 Rde8 24. Rfe1 fxg2 25. Qf6 Bd5 26. Qh4 Bf3 27. Bf6 Rhf8
28. Qxh5 b6 29. Bc3 g3 30. Rxe8+ Rxe8 31. Qxf3 gxh2+ 32. Kxh2 Qh7+ 33. Kxg2 Rg8+
34. Kf1 Qg6 35. Qh1 Qg4 36. f3 Qg3 37. Re1 Rf8 38. Re3 Qg8 39. Re4 Qg3 40. Ke2
Qd6 41. Bb4 1-0

[Event "Challenge"]
[Site "http://www.queenalice.com/game.php?id=819380"]
[Date "2010.8.17"]
[Round "-"]
[White "Capixaba789"]
[Black "mario18"]
[Result "1-0"]
[WhiteElo "1766"]
[BlackElo "1601"]

1. e4 e5 2. Bc4 d6 3. Nf3 Nf6 4. d4 Be7 5. dxe5 Nxe4 6. exd6 Qxd6 7. Qxd6 Nxd6
8. Bd3 O-O 9. Nc3 Bf5 10. Bxf5 Nxf5 11. Bf4 c6 12. O-O-O Na6 13. h3 Nh4 14. Rd7
Nxf3 15. gxf3 Bf6 16. Ne4 Bh4 17. Rxb7 f5 18. Rg1 fxe4 19. Rgxg7+ Kh8 20. Rxh7+
1-0

[Event "Challenge"]
[Site "http://www.queenalice.com/game.php?id=819383"]
[Date "2010.8.17"]
[Round "-"]
[White "adelio"]
[Black "mario18"]
[Result "1-0"]
[WhiteElo "1646"]
[BlackElo "1616"]

1. e4 e5 2. c4 Nf6 3. Bd3 Be7 4. h3 Nc6 5. Nf3 O-O 6. O-O a6 7. a3 d6 8. b4 Bd7
9. Bb2 Qc8 10. Nh4 Bxh3 11. f3 Be6 12. Rf2 Nxe4 13. fxe4 Bxh4 14. Qf1 Bxf2+ 15.
Qxf2 f5 16. Nc3 f4 17. Ne2 Rf6 18. Kf1 Qd7 19. Ke1 Raf8 20. Ng1 Bg4 21. Be2 Rh6
22. d3 Rh1 23. Kd2 Rh2 24. Nf3 Bh3 25. Nxh2 1-0

[Event "Challenge"]
[Site "http://www.queenalice.com/game.php?id=819384"]
[Date "2010.8.17"]
[Round "-"]
[White "mario18"]
[Black "Nenita"]
[Result "1-0"]
[WhiteElo "1583"]
[BlackElo "1085"]

1. e4 e5 2. Nf3 Qf6 3. c3 Bc5 4. b4 Bb6 5. Bc4 d6 6. h3 Qg6 7. O-O Nf6 8. Kh1
Bxh3 9. gxh3 h6 10. d3 Nh5 11. Rg1 Qh7 12. d4 Nd7 13. Nh4 O-O-O 14. Qxh5 g6 15.
Qe2 g5 16. Nf5 Nf6 17. Kg2 Rde8 18. d5 Qg6 19. Kf1 Qh5 20. Qxh5 Nxh5 21. a4 f6
22. a5 Bd4 23. cxd4 exd4 24. f3 Reg8 25. Ne7+ Kd8 26. Nxg8 Rxg8 27. Ra2 Nf4 28.
Bxf4 Rf8 29. Bh2 a6 30. b5 axb5 31. Bxb5 h5 32. Nd2 f5 33. Kf2 fxe4 34. Nxe4 c5
35. Nxg5 d3 36. Rd2 1-0

[Event "Challenge"]
[Site "http://www.queenalice.com/game.php?id=819391"]
[Date "2010.8.17"]
[Round "-"]
[White "mario18"]
[Black "kasparinov"]
[Result "0-1"]
[WhiteElo "1521"]
[BlackElo "2042"]

1. e4 Nf6 2. e5 Nd5 3. Bc4 c6 4. d4 d6 5. Bxd5 cxd5 6. f4 dxe5 7. dxe5 h5 8. Be3
Bg4 9. Qd2 Nc6 10. c3 e6 11. Qf2 Be7 12. Nd2 b6 13. Ndf3 h4 0-1